00935cam a22002411 450000100060000000300080000600500170001400800410003103500190007203500190009104000280011004100080013808200240014610000240017024501970019426000360039130000250042750000310045250200960048350400320057965000350061165100470064635889BD-RjUL20211209052410.0140611s1941 ii b 001 0 eng  a(BD-RjUL)35985 a(BD-RjUL)35985 aDLCcMnUdMnUdDLCbeng aeng a342.5409bPRO 19411 aPrasad, Bisheshwar.14aThe origins of provincial autonomy ;bbeing a history of the relations between the central government and the provincial governments in British India from 1860 to 1919 /cBy Bisheshwar Prasad. aAllahabad :bKitabistan ;c1941 aii, 428 p. ;c23 cm. a"First published in 1941." a"Thesis approved for the degree of doctor of letters in the University of Allahabad, 1936." aBibliography: p. [377]-392. 0aConstitutional historyzIndia. 0aIndiaxPolitics and governmenty1765-1947.